Svätá Božská služba vopred posvätených darov

Bibliographic Details
Main Author: Boháč, Vojtech (Author)
Format: Article
Language:Slovak

MARC

LEADER 00000nab a2200000 a 4500
001 vtls011120007
003 SK-MaSNL
005 20260303145451.0
008 230222|2004 xo |||||||||||||||||slo|
015 |a SNBRB 
035 |a (uuid)e20b2a60-ccdc-4d5d-96d6-5ba279c76663 
035 |a (urnnbn)urn:nbn:sk:snk:ar-a08p0u 
035 |a urn:nbn:sk:snk-ab9qkt 
040 |a SNKBUCL  |b slo  |c SNKBUCL  |e AACR2 
041 0 |a slo 
044 |a xo  |c SK 
100 1 |a Boháč, Vojtech  |4 aut  |9 289555 
245 1 0 |a Svätá Božská služba vopred posvätených darov  |c Vojtech Boháč 
773 0 |t Theologos : teologická revue GkBF PU v Prešove  |g Roč. 6, č. 1 (2004), s. 44-53 
954 |a odborná, vedecká literatúra pôvodná (slovenská)  |2 lita 
958 |a OND 
958 |a EUIPO 
958 |a article13 
999 |c 2003140  |d 2005070